000 00556nam a2200193Ia 4500
003 IN-BaIIA
008 211028s9999 xx 000 0 eng d
040 _cIIA Library
080 _a535.338
_bCON
100 _aCondon, E. U.
_91532
245 4 _aThe Theory of Atomic Spectra
_cE. U. Condon and G. H. Shortley
260 _aCambridge
_bCambridge University Press
_c1935
300 _aaxiv, 441p.
650 _aAtomic Spectra
_91533
650 _aAtomic Structure
_91534
650 _aSpectroscopy
_91535
700 _aShortley, G. H.
_91536
942 _cBK
999 _c718
_d718